000 00290nam a2200109Ia 4500
008 180117s9999 xx 000 0 und d
245 _aThis Week in Arts And Culture
260 _c2015
300 _a6-8 pages, 2015 December 20
440 _aPhilippine Panorama
650 _aARTS AND CULTURE
999 _c353504
_d353504